000 00302nam a2200121Ia 4500
008 190216s9999||||xx |||||||||||||| ||und||
100 _aSharan Byuptakesh
245 0 _aInternational Financial Management
260 _bPrentice Hall Of India Pvt Ltd
300 _a552
650 _aCommerce
942 _cBK
999 _c6950
_d6950